[Event "Cairo Egyptian op"]
[Site "Cairo"]
[Date "2016.04.23"]
[Round "2"]
[White "Youssef, Fady"]
[Black "Kamel, Nabil"]
[Result "1-0"]
[WhiteElo "1844"]
[BlackElo "2085"]
[PlyCount "121"]
[EventDate "2016.04.22"]
[EventType "swiss"]
[EventRounds "9"]
[EventCountry "EGY"]
[SourceTitle "CBM 172 Extra"]
[Source "ChessBase"]
[SourceDate "2016.06.21"]
[SourceVersion "1"]
[SourceVersionDate "2016.06.21"]
[SourceQuality "1"]

1. e4 b6 2. d4 Bb7 3. Nc3 e6 4. Nf3 Bb4 5. Bd3 Nf6 6. Qe2 d5 7. exd5 Nxd5 8. Bd2 a6 9. 0-0 Nxc3 10. bxc3 Be7 11. Rfe1 Nd7 12. c4 Bf6 13. Rad1 0-0 14. Bf4 g6 15. Be4 Qc8 16. Ne5 Nxe5 17. dxe5 Bg7 18. Bg5 Rb8 19. Rd3 b5 20. c5 Bd5 21. Rh3 Qb7 22. Qg4 Bxe4 23. Qh4 h5 24. Qxe4 Qxe4 25. Rxe4 Rfe8 26. Rd3 Bf8 27. g4 hxg4 28. Rxg4 Bg7 29. f4 Rbc8 30. Rh3 Rcd8 31. Bxd8 Rxd8 32. Rd3 Rc8 33. Kf1 c6 34. Rgg3 Bf8 35. Rc3 a5 36. h4 Bh6 37. Rg4 Kh7 38. Rd3 Rc7 39. Rd8 a4 40. Ke2 Bg7 41. h5 gxh5 42. Rg5 f6 43. Rxh5+ Kg6 44. Rh1 fxe5 45. fxe5 Kf5 46. Kf3 Kxe5 47. Rh5+ Kf6 48. Ke4 Kg6 49. Rh1 Kf7 50. Rg1 Bf6 51. Rf1 Ke7 52. Rd3 Bg7 53. Rg3 Ke8 54. Rg6 Re7 55. Rd1 Kf7 56. Rdg1 Bf6 57. Rh6 Bg7 58. Rh7 Kg8 59. Rh6 Rd7 60. Rxe6 Rc7 61. Rd1 1-0